| 000 | 00626nam a22001935i 4500 | ||
|---|---|---|---|
| 001 | 53704 | ||
| 003 | ES-MaACL | ||
| 005 | 20250718184449.0 | ||
| 007 | t| | ||
| 008 | 960711s1886 sp ||||1| spa d | ||
| 040 |
_aCAM _bspa _cCAM |
||
| 100 | 1 |
_aFernández Duro, Cesáreo, _d1830-1908 _949752 |
|
| 245 | 1 | 3 |
_aLa conquista de las Azores en 1583 / _cdescrita por ... Cesáreo Fernández Duro. |
| 260 |
_aMadrid : _b[s.n.], _c1886 ( _fEst. tipográfico "Sucesores de Rivadeneyra") |
||
| 300 |
_a525 p. ; _c22 cm. |
||
| 651 | 4 |
_aAzores- _xHistoria. _97850 |
|
| 852 |
_aES-MaACL _jC-373 |
||
| 999 |
_c53704 _d53704 |
||